Matériels de cuisine - Statistiques

Statistiques générales
  • Ce quiz a été pris 789 fois
  • Le résultat moyen est 8 sur 24
Statistiques - réponses
Par images Réponse % Correct
Fouet
86%
Louche / Pochon
81%
Spatule
74%
Russe / Casserole
72%
Econome
71%
Poche à douille
71%
Cul-de-poule
61%
Mandoline
57%
Maryse
53%
Ecumoire
39%
Laminoir
24%
Plonge
23%
Girafe / Mixeur plongeant
21%
Zesteur
20%
Eminceur
15%
Désosseur
12%
Araignée
11%
Filet-de-sole
10%
Bac gastro
9%
Salamandre
8%
Calotte
6%
plaque à débarrasser
6%
Plaque à pâtisserie
5%
Cutter
0%
Aucun quiz correspondant
Distribution des résultats
% des personnes avec chaque résultat
Percentile par nombre de réponses
Votre historique - résultats
Vous n’avez pas pris ce quiz